000 nam a22 7a 4500
999 _c7476
_d7476
008 170911b xxu||||| |||| 00| 0 eng d
100 _94002
_aChekhor.A.
245 _aClassic Short Stories
260 _aNew Delhi
_c2013